प्रदूषण : पृथ्वी का ग्रहण / (Record no. 118705)

MARC details
000 -LEADER
fixed length control field 01199nam a22002537a 4500
005 - DATE AND TIME OF LATEST TRANSACTION
control field 20170124103119.0
010 ## - LIBRARY OF CONGRESS CONTROL NUMBER
LC control number A-586211
020 ## - INTERNATIONAL STANDARD BOOK NUMBER
Terms of availability 60.00
035 ## - SYSTEM CONTROL NUMBER
System control number A-586211
037 ## - SOURCE OF ACQUISITION
Source of stock number/acquisition Cen Lib/Ret
040 ## - CATALOGING SOURCE
Original cataloging agency DPL
Language of cataloging HN
082 ## - DEWEY DECIMAL CLASSIFICATION NUMBER
Classification number 363.73
Item number चन्दोला
100 ## - MAIN ENTRY--PERSONAL NAME
Personal name चन्दोला, प्रेमानन्द
9 (RLIN) 43015
245 ## - TITLE STATEMENT
Title प्रदूषण : पृथ्वी का ग्रहण /
Statement of responsibility, etc प्रेमानन्द चन्दोला
246 ## - VARYING FORM OF TITLE
Title proper/short title Pradooshan : prithvi ka grehan /
Remainder of title by Premanand Chandola
260 ## - PUBLICATION, DISTRIBUTION, ETC. (IMPRINT)
Place of publication, distribution, etc दिल्ली
Name of publisher, distributor, etc हिमाचल पुस्तक भंडार
Date of publication, distribution, etc 1993
270 ## - ADDRESS
City दिल्ली
Address सरस्वती भंडार, गांधीनगर
Postal code 110031
300 ## - PHYSICAL DESCRIPTION
Extent 138पृ. :
Dimensions 20सेमी(सजिल्द)
Other physical details सचित्र
650 ## - SUBJECT ADDED ENTRY--TOPICAL TERM
Topical term or geographic name as entry element आधुनिक युग -- घातक और प्रदूषक
9 (RLIN) 52357
650 ## - SUBJECT ADDED ENTRY--TOPICAL TERM
Topical term or geographic name as entry element पर्यावरण एवं प्रदूषण
9 (RLIN) 50321
650 ## - SUBJECT ADDED ENTRY--TOPICAL TERM
Topical term or geographic name as entry element Modern Era - fatal and pollutant
9 (RLIN) 81541
650 ## - SUBJECT ADDED ENTRY--TOPICAL TERM
Topical term or geographic name as entry element Environment and Pollution
9 (RLIN) 50155
942 ## - ADDED ENTRY ELEMENTS (KOHA)
Source of classification or shelving scheme Dewey Decimal Classification
Koha item type Hindi Books
Classification part 363.73
Call number suffix चन्दोला
Holdings
Withdrawn status Lost status Damaged status Not for loan Home library Current library Date acquired Source of acquisition Cost, normal purchase price Total Checkouts Full call number Barcode Date last seen Copy number Cost, replacement price Price effective from Koha item type
        Central Library Central Library 12/09/2015 Cen Lib/Ret 60.00   363.73 चन्दोला A-586211 12/09/2015 1 60.00 12/09/2015 Hindi Books

© Delhi Public Library
Hit Counter
free hit counter